[Event "BL2 Nord 1011 (Women)"]
[Site "Germany"]
[Date "2010.11.06"]
[Round "1.1"]
[White "Alkhazashvili, Ololi"]
[Black "Von Herman, Brigitte"]
[Result "1-0"]
[WhiteElo "2144"]
[BlackElo "2098"]
[PlyCount "151"]
[EventDate "2010.11.06"]
[EventType "team-tourn"]
[EventRounds "7"]
[EventCountry "GER"]
[SourceTitle "EXT 2012"]
[Source "ChessBase"]
[SourceDate "2011.11.24"]
[SourceVersion "1"]
[SourceVersionDate "2011.11.24"]
[SourceQuality "1"]
[WhiteTeam "Krefeld (W)"]
[BlackTeam "Potsdam USV (W)"]
[WhiteTeamCountry "GER"]
[BlackTeamCountry "GER"]

1. e4 e5 2. Nf3 d6 3. d4 exd4 4. Nxd4 Nf6 5. Nc3 Be7 6. Be2 Nc6 7. 0-0 0-0 8. Be3 Re8 9. f3 a6 10. Nb3 h6 11. Qd2 Bf8 12. Rad1 Qe7 13. Bf2 Be6 14. Bh4 b5 15. Qc1 Rad8 16. Rfe1 Ne5 17. Nd5 Bxd5 18. exd5 g5 19. Bf2 Qd7 20. f4 Neg4 21. fxg5 Nxf2 22. Kxf2 Qf5+ 23. Kg1 Qxg5 24. Bf3 Nd7 25. Qxg5+ hxg5 26. Nd4 Ne5 27. Be4 Bg7 28. b3 Kf8 29. Rf1 Kg8 30. Bf5 Re7 31. h3 b4 32. Kh2 a5 33. Kg3 Ra8 34. h4 gxh4+ 35. Kxh4 Bf6+ 36. Kg3 Bg7 37. Rh1 a4 38. Rh5 Ra5 39. Bh7+ Kf8 40. Nf5 axb3 41. axb3 Rc5 42. Nxe7 Kxe7 43. Rh4 Nd7 44. Rxb4 Be5+ 45. Kf3 Nf6 46. Be4 Rc3+ 47. Rd3 Rxc2 48. Rc4 Rxc4 49. bxc4 Bh2 50. Bf5 Bg1 51. g4 Ng8 52. Rd1 Bb6 53. Re1+ Kf6 54. Kf4 Ba5 55. Re8 Kg7 56. Re2 f6 57. Rh2 Nh6 58. Be6 Bb6 59. Rh3 Ba5 60. Ra3 Bb6 61. Ra6 Bc5 62. Rc6 Bb6 63. c5 Ba5 64. cxd6 cxd6 65. Ra6 Bc3 66. Ra7+ Kg6 67. Bf5+ Nxf5 68. gxf5+ Kh6 69. Kg4 Bd4 70. Rd7 Be5 71. Rd8 Kg7 72. Kh5 Kf7 73. Rd7+ Ke8 74. Rb7 Bd4 75. Kg6 Bc3 76. Rf7 1-0

[Event "Oberhausen op"]
[Site "Oberhausen"]
[Date "2009.04.12"]
[Round "5"]
[White "Litwak, Aleksej"]
[Black "Alkhazashvili, Ololi"]
[Result "1-0"]
[WhiteElo "2278"]
[BlackElo "2096"]
[PlyCount "139"]
[EventDate "2009.04.09"]
[EventType "swiss"]
[EventRounds "7"]
[EventCountry "GER"]
[SourceTitle "CBM 129 Extra"]
[Source "ChessBase"]
[SourceDate "2009.05.05"]
[SourceVersion "2"]
[SourceVersionDate "2009.05.20"]
[SourceQuality "1"]

1. e4 c5 2. Nf3 e6 3. d4 cxd4 4. Nxd4 a6 5. Bd3 Nf6 6. 0-0 Qc7 7. Qe2 d6 8. f4 Nbd7 9. c4 b6 10. Nc3 Bb7 11. Kh1 Be7 12. Bd2 Rc8 13. Rae1 Qc5 14. Nb3 Qh5 15. Qxh5 Nxh5 16. a4 g6 17. a5 Nc5 18. Nxc5 bxc5 19. Na4 Bh4 20. Re2 0-0 21. Nb6 Rcd8 22. Bc3 Bf6 23. Be1 Bd4 24. Bh4 Bf6 25. Bxf6 Nxf6 26. Kg1 Nd7 27. Na4 Nb8 28. e5 dxe5 29. Nxc5 exf4 30. Rxf4 Ba8 31. Bc2 Rd6 32. Be4 Rd4 33. Nxe6 Rxe4 34. Rexe4 fxe6 35. Rxf8+ Kxf8 36. Rxe6 Nc6 37. b4 Kf7 38. Rd6 Ke7 39. c5 Nxb4 40. Rb6 Nc6 41. Rxa6 Bb7 42. Rb6 Ba8 43. h4 Kd7 44. Rb1 Kc7 45. Rf1 Nd8 46. g4 Bd5 47. a6 Nc6 48. Rf4 Ne5 49. g5 Kc6 50. Rf8 Kxc5 51. a7 Nf3+ 52. Kf2 Nxh4 53. Rc8+ Kb6 54. a8Q Bxa8 55. Rxa8 Kc6 56. Ra7 Kd6 57. Rxh7 Nf5 58. Kf3 Ke5 59. Rf7 Ke6 60. Rf6+ Ke5 61. Ra6 Nd6 62. Kg4 Kd5 63. Ra7 Nf5 64. Rf7 Ke5 65. Rf6 Ne7 66. Ra6 Kd5 67. Kf4 Nc6 68. Rxc6 Kxc6 69. Ke5 Kd7 70. Kf6 1-0

[Event "NRW Class2 0809"]
[Site "Germany"]
[Date "2009.02.01"]
[Round "6.7"]
[White "Alkhazashvili, Ololi"]
[Black "Goerke, Joachim"]
[Result "1-0"]
[WhiteElo "2091"]
[BlackElo "2163"]
[PlyCount "59"]
[EventDate "2008.09.21"]
[EventType "team-tourn"]
[EventRounds "9"]
[EventCountry "GER"]
[SourceTitle "EXT 2010"]
[Source "ChessBase"]
[SourceDate "2010.11.25"]
[SourceVersion "1"]
[SourceVersionDate "2010.11.25"]
[SourceQuality "1"]
[WhiteTeam "Krefeld"]
[BlackTeam "Solingen III"]
[WhiteTeamCountry "GER"]
[BlackTeamCountry "GER"]

1. e4 c5 2. Nf3 Nc6 3. c3 b6 4. d4 d6 5. d5 Ne5 6. Nxe5 dxe5 7. Bb5+ Bd7 8. Qa4 Bxb5 9. Qxb5+ Qd7 10. Na3 g6 11. 0-0 Qxb5 12. Nxb5 Kd7 13. c4 Bh6 14. f4 a6 15. Nc3 exf4 16. Bxf4 Bxf4 17. Rxf4 f6 18. e5 f5 19. Na4 Kc7 20. a3 a5 21. Nc3 Nh6 22. Nb5+ Kb7 23. Re1 g5 24. Rf3 f4 25. h4 Rhg8 26. hxg5 Rxg5 27. Rxf4 Rag8 28. Re2 Nf5 29. d6 exd6 30. Rxf5 1-0

[Event "Goch op 19th"]
[Site "Goch"]
[Date "2008.10.12"]
[Round "6"]
[White "Dehn, Marcus"]
[Black "Alkhazashvili, Ololi"]
[Result "1/2-1/2"]
[WhiteElo "2137"]
[BlackElo "2091"]
[PlyCount "112"]
[EventDate "2008.10.09"]
[EventType "swiss"]
[EventRounds "7"]
[EventCountry "GER"]
[SourceTitle "EXT 2011"]
[Source "ChessBase"]
[SourceDate "2010.11.26"]
[SourceVersion "1"]
[SourceVersionDate "2010.11.26"]
[SourceQuality "1"]

1. d4 Nf6 2. Bf4 e6 3. e3 c5 4. c3 Nc6 5. Nf3 Be7 6. h3 0-0 7. Nbd2 d5 8. Bd3 Qb6 9. Qb1 a5 10. a4 Qd8 11. 0-0 b6 12. Ne5 Nb8 13. Re1 Ba6 14. Bxa6 Rxa6 15. Qd3 c4 16. Qe2 Ra7 17. e4 Rb7 18. b3 cxb3 19. Reb1 dxe4 20. Rxb3 Qc8 21. Nxe4 Nd5 22. Bd2 Rc7 23. c4 Nb4 24. Rg3 f5 25. Bxb4 axb4 26. Nd2 Nd7 27. Nd3 Nf6 28. Nf4 Ne4 29. Nxe4 fxe4 30. Qxe4 Bd6 31. Nxe6 Bxg3 32. Nxf8 Bxf2+ 33. Kxf2 Qxf8+ 34. Kg1 h6 35. Rf1 Qd6 36. Qe8+ Kh7 37. Qe4+ Qg6 38. Qxg6+ Kxg6 39. Rc1 Kf5 40. c5 bxc5 41. dxc5 Ke5 42. a5 Kd5 43. a6 Kc6 44. Ra1 Ra7 45. Ra5 b3 46. Ra3 Kxc5 47. Rxb3 Rxa6 48. Rb7 g6 49. Rh7 g5 50. Kf2 Kd5 51. Kf3 Ke5 52. Kg4 Ra2 53. g3 Ra4+ 54. Kh5 Ra3 55. Kg4 Ra4+ 56. Kh5 Ra3 1/2-1/2

[Event "Goch op 19th"]
[Site "Goch"]
[Date "2008.10.10"]
[Round "2"]
[White "Stelter, Wilhelm"]
[Black "Alkhazashvili, Ololi"]
[Result "0-1"]
[WhiteElo "1757"]
[BlackElo "2091"]
[PlyCount "78"]
[EventDate "2008.10.09"]
[EventType "swiss"]
[EventRounds "7"]
[EventCountry "GER"]
[SourceTitle "EXT 2011"]
[Source "ChessBase"]
[SourceDate "2010.11.26"]
[SourceVersion "1"]
[SourceVersionDate "2010.11.26"]
[SourceQuality "1"]

1. d4 e6 2. c4 b6 3. Nc3 Bb4 4. Qc2 Bb7 5. a3 Bxc3+ 6. Qxc3 d6 7. Nf3 Nd7 8. Bg5 Ngf6 9. e3 h6 10. Bh4 g5 11. Bg3 Ne4 12. Qc2 f5 13. Nd2 h5 14. f3 Nxd2 15. Qxd2 h4 16. Bf2 h3 17. Bg3 Qf6 18. 0-0-0 0-0-0 19. a4 a5 20. Kb1 Rdg8 21. Be1 g4 22. f4 Be4+ 23. Ka2 c5 24. d5 Nb8 25. Rg1 Na6 26. gxh3 Nb4+ 27. Ka1 exd5 28. cxd5 Bxd5 29. Qe2 Bf3 30. Qb5 Qe6 31. Bc4 d5 32. Bxb4 dxc4 33. Qa6+ Bb7 34. Rd8+ Rxd8 35. Qa7 cxb4 36. hxg4 Qxe3 37. Rb1 fxg4 38. f5 Qb3 39. Rf1 c3 0-1

[Event "Oberhausen op"]
[Site "Oberhausen"]
[Date "2008.03.24"]
[Round "6"]
[White "Alkhazashvili, Ololi"]
[Black "Heinzel, Olaf"]
[Result "0-1"]
[WhiteElo "2068"]
[BlackElo "2392"]
[PlyCount "82"]
[EventDate "2008.03.20"]
[EventType "swiss"]
[EventRounds "7"]
[EventCountry "GER"]
[SourceTitle "CBM 123 Extra"]
[Source "ChessBase"]
[SourceDate "2008.05.06"]
[SourceVersion "1"]
[SourceVersionDate "2008.05.06"]
[SourceQuality "1"]

1. e4 d5 2. exd5 Nf6 3. Bb5+ Bd7 4. Be2 Nxd5 5. d4 e6 6. Nf3 b5 7. 0-0 c5 8. Nc3 Nxc3 9. bxc3 a6 10. Ne5 Bd6 11. Bh5 Bxe5 12. dxe5 0-0 13. Qd6 Bc6 14. Qxc5 Qh4 15. Be2 Rc8 16. f4 Bb7 17. Qe3 Nc6 18. Qb6 Nd8 19. Bd2 Rab8 20. Qe3 Bd5 21. a4 Bc4 22. Bd3 Qe7 23. axb5 axb5 24. Rfb1 Qd7 25. Be1 Nc6 26. Rd1 Bxd3 27. cxd3 Ne7 28. Ra7 Qe8 29. Qe4 Qd8 30. Ra6 Qc7 31. Rb1 h5 32. h3 Nd5 33. c4 bxc4 34. Rxb8 Rxb8 35. dxc4 Nb6 36. Qf3 Qxc4 37. Ra7 Qc1 38. Qf1 Nd5 39. Bg3 Qe3+ 40. Qf2 Rb1+ 41. Kh2 Qc1 0-1

[Event "NRW Class1 0708"]
[Site "Germany"]
[Date "2008.02.10"]
[Round "6.6"]
[White "Hille, Ralph Ingo"]
[Black "Alkhazashvili, Ololi"]
[Result "1-0"]
[WhiteElo "2186"]
[BlackElo "2068"]
[PlyCount "120"]
[EventDate "2007.09.16"]
[EventType "team"]
[EventRounds "9"]
[EventCountry "GER"]
[SourceTitle "EXT 2009"]
[Source "ChessBase"]
[SourceDate "2008.11.26"]
[SourceVersion "1"]
[SourceVersionDate "2008.11.26"]
[SourceQuality "1"]
[WhiteTeam "Castrop Rauxel"]
[BlackTeam "Krefeld"]
[WhiteTeamCountry "GER"]
[BlackTeamCountry "GER"]

1. d4 e6 2. c4 b6 3. e4 Bb7 4. Bd3 f5 5. exf5 Bb4+ 6. Kf1 Nf6 7. Be2 0-0 8. c5 bxc5 9. a3 Ba5 10. dxc5 Ne4 11. b4 Rxf5 12. Nf3 Qf6 13. Ra2 Bd5 14. Bb2 Qh6 15. Ra1 Nc6 16. Nc3 Rxf3 17. Nxe4 Rf7 18. Bf3 Raf8 19. Qe2 Rxf3 20. gxf3 Qh3+ 21. Ke1 Nxb4 22. axb4 Bxb4+ 23. Kd1 Rxf3 24. Rg1 Rf7 25. Rg3 Qxh2 26. Nf6+ Kf8 27. Nxd5 Qh1+ 28. Kc2 Qxd5 29. Rd1 Qxc5+ 30. Kb1 Qb6 31. Rf3 d5 32. Rxf7+ Kxf7 33. Qf3+ Kg8 34. Rg1 Bf8 35. Qg4 g6 36. Qe2 Bg7 37. Re1 Kf7 38. Qc2 h5 39. Rc1 Be5 40. f4 Bxf4 41. Rf1 Qd6 42. Qc3 g5 43. Qg7+ Ke8 44. Qh8+ Kd7 45. Qxh5 e5 46. Rh1 d4 47. Qf7+ Kc6 48. Qe8+ Kb7 49. Rh8 Kb6 50. Qa8 Kb5 51. Rb8+ Kc4 52. Qe4 a6 53. Rg8 Qb6 54. Rg6 Qb5 55. Rc6+ Kb3 56. Qc2+ Kb4 57. Bc3+ dxc3 58. Rxc3 Ka5+ 59. Rb3 c5 60. Rxb5+ Kxb5 1-0

[Event "NRW Class1 0708"]
[Site "Germany"]
[Date "2008.01.13"]
[Round "5.7"]
[White "Pueplichhuisen, Anton"]
[Black "Alkhazashvili, Ololi"]
[Result "1/2-1/2"]
[WhiteElo "2125"]
[BlackElo "2068"]
[PlyCount "41"]
[EventDate "2007.09.16"]
[EventType "team"]
[EventRounds "9"]
[EventCountry "GER"]
[SourceTitle "EXT 2009"]
[Source "ChessBase"]
[SourceDate "2008.11.26"]
[SourceVersion "1"]
[SourceVersionDate "2008.11.26"]
[SourceQuality "1"]
[WhiteTeam "Rheinpark BSG"]
[BlackTeam "Krefeld"]
[WhiteTeamCountry "GER"]
[BlackTeamCountry "GER"]

1. c4 e6 2. Nf3 Nf6 3. b3 b6 4. Bb2 Bb7 5. e3 Be7 6. Be2 0-0 7. 0-0 d5 8. d4 Ne4 9. Nbd2 Nd7 10. Rc1 Rc8 11. cxd5 exd5 12. Ne5 Nxe5 13. dxe5 c5 14. Nxe4 dxe4 15. Qc2 Qe8 16. Rfd1 Qc6 17. Rd2 Rfd8 18. Rcd1 Kf8 19. f4 Rxd2 20. Rxd2 Rd8 21. Rxd8+ 1/2-1/2

[Event "NRW Class1 0607"]
[Site "Germany"]
[Date "2006.12.17"]
[Round "4.3"]
[White "Hubert, Ralf"]
[Black "Alkhazashvili, Ololi"]
[Result "1-0"]
[WhiteElo "2276"]
[BlackElo "2103"]
[PlyCount "121"]
[EventDate "2006.09.17"]
[EventType "team-tourn"]
[EventRounds "9"]
[EventCountry "GER"]
[SourceTitle "EXT 2008"]
[Source "ChessBase"]
[SourceDate "2007.11.25"]
[SourceVersion "1"]
[SourceVersionDate "2007.11.25"]
[SourceQuality "1"]
[WhiteTeam "Solingen III"]
[BlackTeam "Krefeld"]
[WhiteTeamCountry "GER"]
[BlackTeamCountry "GER"]

1. d4 Nf6 2. Bg5 e6 3. e3 d5 4. Bd3 c5 5. Nf3 c4 6. Be2 Qb6 7. Qc1 Ne4 8. Bf4 Nd7 9. 0-0 Be7 10. Nbd2 Ndf6 11. c3 Qa5 12. Nxe4 Nxe4 13. Nd2 Nxd2 14. Qxd2 b5 15. b4 Qa3 16. Bc7 0-0 17. f4 Qa6 18. Bd1 Qb7 19. Ba5 Bd6 20. g4 Qe7 21. a4 Bd7 22. axb5 Bxb5 23. Qg2 Bc6 24. Qh3 f6 25. Bc2 g6 26. Qh4 Qg7 27. g5 fxg5 28. Qxg5 Rf6 29. Rf2 Raf8 30. Rg2 Be8 31. Qg4 Bd7 32. Qh4 Rc8 33. Kh1 Be8 34. Qg5 Bd7 35. Rag1 Kf7 36. Qh4 Rg8 37. Rg5 Rc8 38. Qh3 Kg8 39. Qh5 Be8 40. h4 Rb8 41. R5g2 Rc8 42. Qg5 Be7 43. Qg4 Qh6 44. h5 Qg7 45. Rh2 Bf8 46. Qg5 Be7 47. Qe5 Bf8 48. Rg3 Qe7 49. Qg5 Bg7 50. Rhg2 h6 51. Qg4 g5 52. fxg5 hxg5 53. Qxg5 Rf1+ 54. Kh2 Qxg5 55. Rxg5 Bf7 56. Rxg7+ Kf8 57. b5 Ke7 58. Bb4+ Kf6 59. h6 Rh8 60. R2g6+ Bxg6 61. Be7# 1-0

[Event "NRW Class2 0405"]
[Site "Germany"]
[Date "2005.01.30"]
[Round "6.5"]
[White "Gassmann, Volker"]
[Black "Alkhazashvili, Ololi"]
[Result "1-0"]
[WhiteElo "2197"]
[BlackElo "2059"]
[PlyCount "147"]
[EventDate "2004.10.10"]
[EventType "team"]
[EventRounds "9"]
[EventCountry "GER"]
[SourceTitle "EXT 2006"]
[Source "ChessBase"]
[SourceDate "2005.11.24"]
[SourceVersion "1"]
[SourceVersionDate "2005.11.24"]
[SourceQuality "1"]
[WhiteTeam "Katernberg II"]
[BlackTeam "Krefeld Turm"]
[WhiteTeamCountry "GER"]
[BlackTeamCountry "GER"]

1. d4 e6 2. c4 b6 3. Nf3 Bb7 4. g3 Nf6 5. Bg2 Bb4+ 6. Nbd2 0-0 7. 0-0 d5 8. Ne5 Bd6 9. cxd5 exd5 10. Ndc4 Be7 11. Ne3 Ne4 12. Nf5 Bf6 13. Ng4 Nc6 14. Be3 Re8 15. Rc1 Re6 16. Nxf6+ Qxf6 17. Nh4 g5 18. Nf3 Qg6 19. b4 Ba6 20. Qa4 Bxe2 21. Rxc6 Bxf1 22. Rxe6 Qxe6 23. Kxf1 f6 24. Qc2 c6 25. Nd2 Re8 26. Bxe4 dxe4 27. Qc4 Kg7 28. Qxe6 Rxe6 29. g4 Kg6 30. a4 h5 31. h3 hxg4 32. hxg4 f5 33. gxf5+ Kxf5 34. Kg2 Re7 35. Kg3 Rh7 36. Kg2 Rd7 37. Nc4 Rd5 38. Ne5 Rd6 39. Kg3 Rf6 40. a5 bxa5 41. bxa5 a6 42. Nd7 Rd6 43. Nc5 Rd5 44. Kh3 Rd8 45. Nxa6 Ra8 46. Nb4 Rxa5 47. Nxc6 Rb5 48. Kg3 Rb2 49. Ne7+ Kf6 50. Nd5+ Kf5 51. Nc3 Rb3 52. Ne2 Rb2 53. Nc1 Rc2 54. Nb3 Rb2 55. Nd2 Rc2 56. Kg2 Rc8 57. Nf1 Re8 58. Ng3+ Kg6 59. Kf1 Kf6 60. Ke2 g4 61. Kd2 Re6 62. Kc3 Rc6+ 63. Kb4 Rc2 64. Nxe4+ Kf5 65. Kb3 Rc7 66. Nd6+ Ke6 67. Bf4 Kd5 68. Be5 Rc1 69. Nf5 Ke4 70. Ne3 Kf3 71. Bg3 Re1 72. d5 Rxe3+ 73. fxe3 Kxg3 74. d6 1-0

[Event "GER-chT2 (Women) 0405"]
[Site "Germany"]
[Date "2004.11.07"]
[Round "2"]
[White "Katte, Isabel"]
[Black "Alkhazashvili, Ololi"]
[Result "0-1"]
[WhiteElo "1578"]
[BlackElo "2059"]
[PlyCount "86"]
[EventDate "2004.11.06"]
[EventType "team"]
[EventRounds "9"]
[EventCountry "GER"]
[SourceTitle "EXT 2006"]
[Source "ChessBase"]
[SourceDate "2005.11.24"]
[SourceVersion "1"]
[SourceVersionDate "2005.11.24"]
[SourceQuality "1"]

1. e4 c5 2. Nc3 Nc6 3. f4 d6 4. Nf3 Nf6 5. Bb5 a6 6. Bxc6+ bxc6 7. d3 Bg4 8. 0-0 g6 9. h3 Bxf3 10. Qxf3 Nd7 11. Kh1 Bg7 12. Bd2 0-0 13. f5 Ne5 14. Qg3 Qb6 15. Rab1 a5 16. Qh4 Rfe8 17. g4 d5 18. Qf2 d4 19. Ne2 Rf8 20. g5 c4 21. Nf4 Rad8 22. Qg3 Qb5 23. h4 cxd3 24. Nxd3 Nc4 25. Bc1 Nd6 26. f6 exf6 27. gxf6 Nxe4 28. Qh2 Nxf6 29. Bg5 Qd5+ 30. Kg1 Qd6 31. Bf4 Qe6 32. Rbe1 Qg4+ 33. Kh1 Nd5 34. Qg3 Qxg3 35. Bxg3 Ne3 36. Rf2 Rd5 37. Rfe2 c5 38. Nf4 Rf5 39. Nd3 c4 40. Nf4 Bh6 41. Ng2 Rd8 42. Bc7 Rd7 43. Bg3 Rf3 0-1

[Event "BL2 Gr1 0304 (Women)"]
[Site "Germany"]
[Date "2004.03.14"]
[Round "7.2"]
[White "Alkhazashvili, Ololi"]
[Black "Birkholz, Olga"]
[Result "0-1"]
[WhiteElo "2031"]
[BlackElo "2116"]
[PlyCount "77"]
[EventDate "2003.10.25"]
[EventType "team-tourn"]
[EventRounds "7"]
[EventCountry "GER"]
[SourceTitle "EXT 2006"]
[Source "ChessBase"]
[SourceDate "2005.11.24"]
[SourceVersion "1"]
[SourceVersionDate "2005.11.24"]
[SourceQuality "1"]
[WhiteTeam "Krefeld (W)"]
[BlackTeam "Walldorf (W)"]
[WhiteTeamCountry "GER"]
[BlackTeamCountry "GER"]

1. e4 c5 2. Nf3 a6 3. a4 d6 4. d4 cxd4 5. Nxd4 Nf6 6. Nc3 e5 7. Nf3 h6 8. Bc4 Be6 9. Qe2 Nbd7 10. Bxe6 fxe6 11. 0-0 Kf7 12. a5 Rc8 13. Rd1 Qc7 14. Be3 Be7 15. Ra4 Qc6 16. Rb4 Bd8 17. Ra1 d5 18. Raa4 Re8 19. Bb6 Be7 20. exd5 exd5 21. Rh4 Bd6 22. Qd2 Nxb6 23. axb6 d4 24. Nxd4 exd4 25. Raxd4 Be5 26. Rc4 Qxb6 27. Rb4 Bxc3 28. bxc3 Qe6 29. h3 b5 30. c4 Rcd8 31. Qc1 Qc6 32. cxb5 axb5 33. Rhf4 Re2 34. Qb1 Qc5 35. Rxb5 Kg6 36. g3 Rd1+ 37. Kg2 Nd5 38. Rg4+ Kh7 39. c4+ 0-1